000 00506cam a2200205 4500
001 D9896
008 090401t1967 xxu||||| |||| 00| 0 eng d
035 _a(Sirsi) u23180
041 _aeng
050 _a692.5
100 _aWillis, Arthur
245 _aMore advanced quantity surveying
250 _a7th rev
260 _aLondon
_bCrosby Lockwood
_c1967
300 _aBook and slipcase of 18 plates. 26cm
350 _a2.75
700 _aWillis, Christopher J
942 _n0
948 _c04/03/1997
999 _c88342
_d88342